000 00660nam a22002297a 4500
003 UA-OsUOA
001 39757
007 ta
008 20060627b un ||||| |||| 00| 0 ukr d
100 _aБлаватская Т.В.
090 _a94(495)
_bБ68
942 _cBK
040 _aUA-OsUOA
_brus
_cUA-OsUOA
_dUA-OsUOA
245 _aИз истории греческой интелигенции эллинистического времени
300 _a328 с.
955 _a1
041 _arus
080 _a94(495)
260 _aМ.
_bНаука
_c1983
650 7 _a9 Географія. Біографії. Історія
_2UDC
999 _c325898
_d325898